000 00629nam a2200253Ia 4500
003 OSt
005 20221007105025.0
006 a|||||r|||| 00| 0
007 ta
008 221006b |||||||| |||| 00| 0 eng d
024 _a17,402
037 _cTextual
040 _aLCO
_cLCO
_beng
041 _2eng
_aeng
082 _aZ2,313, K1
100 _aPowell Raphel
_9706447
245 0 _aLaw of Agency
250 _a2nd
260 _aLondon
_bSri Isaac Pitman & Sons Ltd UK
_c1961
300 _a467
650 _aAGENCY
_9706448
942 _hZ2,313, K1
_cTEXL
999 _c1186965
_d1186965